[Event "DSOL 08 Liga Gr-C 1st"]
[Site "Playchess.com INT"]
[Date "2020.07.29"]
[Round "6.2"]
[White "Heinz, Wolfram"]
[Black "Knorr, Frank"]
[Result "1-0"]
[WhiteElo "1292"]
[BlackElo "1064"]
[PlyCount "73"]
[EventDate "2020.06.22"]
[EventType "team-tourn (rapid)"]
[EventCountry "GER"]
[SourceTitle "EXT 2021"]
[Source "ChessBase"]
[SourceDate "2020.10.23"]
[SourceVersion "1"]
[SourceVersionDate "2020.10.23"]
[SourceQuality "1"]
[WhiteTeam "Paderborn Blauer Springer IV"]
[BlackTeam "Bad Essen II"]
[WhiteTeamCountry "GER"]
[BlackTeamCountry "GER"]

1. Nf3 d6 2. c4 Nf6 3. g3 Nbd7 4. Bg2 e5 5. 0-0 Be7 6. b3 c6 7. Bb2 Qc7 8. Nc3 h6 9. Qc2 Nf8 10. e4 Ne6 11. d3 Nd4 12. Nxd4 exd4 13. Ne2 c5 14. f4 Ng4 15. Bc1 f5 16. h3 Nf6 17. Kh1 Be6 18. Ng1 Nh5 19. Qf2 0-0-0 20. Re1 g5 21. Ne2 Bf6 22. Rg1 Rhg8 23. exf5 Bxf5 24. g4 Bxd3 25. gxh5 Bxe2 26. Qxe2 d3 27. Qe6+ Kb8 28. Qxf6 Rgf8 29. Qxh6 Qe7 30. Bd2 Rh8 31. Qxg5 Qxg5 32. fxg5 Rxh5 33. Rae1 Rf8 34. Rgf1 Rd8 35. Rf7 a6 36. Rxb7+ Kc8 37. Ree7 1-0

[Event "DSOL 08 Liga Gr-C 1st"]
[Site "Playchess.com INT"]
[Date "2020.07.16"]
[Round "4.2"]
[White "Krekker, Alexander"]
[Black "Heinz, Wolfram"]
[Result "1-0"]
[WhiteElo "1000"]
[BlackElo "1292"]
[PlyCount "63"]
[EventDate "2020.06.22"]
[EventType "team-tourn (rapid)"]
[EventCountry "GER"]
[SourceTitle "EXT 2021"]
[Source "ChessBase"]
[SourceDate "2020.10.23"]
[SourceVersion "1"]
[SourceVersionDate "2020.10.23"]
[SourceQuality "1"]
[WhiteTeam "Rinteln III"]
[BlackTeam "Paderborn Blauer Springer IV"]
[WhiteTeamCountry "GER"]
[BlackTeamCountry "GER"]

1. e4 e5 2. Nf3 Nc6 3. Bc4 Bc5 4. d3 d6 5. h3 Nf6 6. Nc3 0-0 7. Bg5 Be6 8. Bd5 h6 9. Bh4 Bb4 10. a3 Bxc3+ 11. bxc3 Rb8 12. g4 Qd7 13. Bxf6 gxf6 14. Nh4 Bxd5 15. exd5 Ne7 16. c4 Kh7 17. Qf3 Kg7 18. Qe4 Ng6 19. Nf5+ Kh7 20. Kd2 Rh8 21. Rag1 Kg8 22. h4 Kf8 23. g5 hxg5 24. hxg5 Rxh1 25. Rxh1 Ke8 26. gxf6 Kd8 27. Rh7 Qe8 28. Nh6 Nh8 29. Rxh8 Qxh8 30. Nxf7+ Kd7 31. Nxh8 Rxh8 32. Qg4+ 1-0

[Event "DSOL 08 Liga Gr-C 1st"]
[Site "Playchess.com INT"]
[Date "2020.07.08"]
[Round "3.2"]
[White "Heinz, Wolfram"]
[Black "Bangsa, Citra"]
[Result "0-1"]
[WhiteElo "1292"]
[BlackElo "1443"]
[PlyCount "48"]
[EventDate "2020.06.22"]
[EventType "team-tourn (rapid)"]
[EventCountry "GER"]
[SourceTitle "EXT 2021"]
[Source "ChessBase"]
[SourceDate "2020.10.23"]
[SourceVersion "1"]
[SourceVersionDate "2020.10.23"]
[SourceQuality "1"]
[WhiteTeam "Paderborn Blauer Springer IV"]
[BlackTeam "Kelheim IV"]
[WhiteTeamCountry "GER"]
[BlackTeamCountry "GER"]

1. Nf3 Nc6 2. c4 e5 3. Nc3 Nf6 4. e4 Bb4 5. d3 Bxc3+ 6. bxc3 h6 7. Be2 d6 8. 0-0 0-0 9. Be3 Ng4 10. h3 Nxe3 11. fxe3 b6 12. d4 Ba6 13. Qa4 Bb7 14. d5 Nb8 15. Qc2 Nd7 16. Bd3 Nf6 17. Rf2 a5 18. a4 Bc8 19. Raf1 Nh5 20. Kh2 Nf6 21. Ng1 Nh5 22. Qd1 Qg5 23. Re1 Qg3+ 24. Kh1 Qxf2 0-1